Bill Clinton - Portrayals by Picture - Statistics

General Stats
  • This quiz has been taken 16 times
  • The average score is 3 of 8
Answer Stats
Picture Answer % Correct
John Travolta
93%
Phil Hartman
53%
Dana Carvey
47%
Darrell Hammond
47%
Beck Bennett
33%
Dennis Quaid
33%
Clive Owen
20%
Michael McKean
13%
No matching quizzes found
Score Distribution
Percent of People with Each Score
Percentile by Number Answered
Your Score History
You have not taken this quiz